Science Quiz

Random Science or Anatomy Quiz

Diaphragm Anatomy Quiz Stats

 Plays Quiz not verified by Sporcle

Score 0/11 Timer 12:00
0 Plays Today
Hint Anatomical Structue % Correct
1) Fibrous outer layer of heartPericardium
90.1%
2)Fibrous portion of diaphragmCentral Tendon
60.9%
11) One of the great vessels, drains blood from the lower bodyintot he right atriaInferior Vena Cava
53.3%
7) Passageway for food going to stomachEsophagus
52.9%
4)Nerve that runs down lateral portion of pericardiumPhrenic Nerve
47.8%
3) Artery running down anterior thoracic body wallInternal Thoracic
43.4%
5)Inner lining of thoracic cavityParietal Pleura
38%
8) One of the great vessels, delivers oxygenated blood to lower body.Descending Aorta
38%
9) Largest lymph channel in bodyThoracic duct
37.6%
10) Venous drainage for thorax between superior and inferior vena cavaAzygos Vein
22.3%
6)Space between body wall and diaphragmCostodiaphragmatic Recess
18.6%

You're not logged in!

Compare scores with friends on all Sporcle quizzes.
OR
Log In

Show Comments

Extras

Created Nov 15, 2010ReportNominate
Tags:Anatomy Quiz

Top Quizzes Today


Score Distribution

Your Account Isn't Verified!

In order to create a playlist on Sporcle, you need to verify the email address you used during registration. Go to your Sporcle Settings to finish the process.

Report this User

Report this user for behavior that violates our Community Guidelines.

Details: